000 00452pab a2200169 454500
008 180718b2005 xxu||||| |||| 00| 0 eng d
100 _aMarschall, Melissa
245 _aKeeping policy churn off the agenda: urban education and civic capacity
260 _c2005
300 _ap.161-180.
362 _aMay
650 _aUrban development
650 _aUrban education
700 _aShah, Paru
773 _aPolicy Studies Journal
909 _a65810
999 _c65810
_d65810